00366nam a2200121Ia 4500008004100000020002200041041000800063082002300071100001200094245008300106260004600189300000900235230314s9999 xx 000 0 und d a978-81-947276-6-8 aeng aN/613.2/BAN/B09941 aBandana aTextbook of Applied Nutrition and Dietetics for Undergraduate Nursing Students bVision Health Sciences Pub.aMohalic2022 a356p